000 00667nam a22002297a 4500
001 6102
003 FISKH
005 20250313163304.0
008 250313b cb ||||| |||| 00| 0 eng d
020 _a9789996333019
040 _aFISKH
_bKhmer
_cFISKH
_dFISKH
050 _aPZ7
082 _a400
100 _aVansak, Suy
245 _aក្បួនតែងកំណាព្យ​ ​/
_cស៊ុយ វ៉ាន់សាក់
260 _aPhnom Penh :
_bPai Net ;
_c2006.
300 _a121 pages :
_billustrations ;
_c21 cm .
650 _aក្បួនតែងកំណាព្យ
650 _aWay to poet
942 _2ddc
_cBK
_n0
999 _c6102
_d6102